| 000 | 00403nam a2200157Ia 4500 | ||
|---|---|---|---|
| 008 | 230917s9999||||xx |||||||||||||| ||und|| | ||
| 020 | _cPON19.95 | ||
| 040 |
_e21331 _aMAIN |
||
| 041 | _aEnglish | ||
| 082 | _a301.11 M888P | ||
| 100 | _aMueller, Dennis C | ||
| 245 | 0 | _aPerspectives on public choice: A handbook | |
| 260 |
_aCambridge _bUniversity Press _c1997 |
||
| 300 | _axiii,672 p. | ||
| 942 | _cBK | ||
| 999 |
_c91000 _d91000 |
||